000 01449ctm a22002891i 4500
003 SA-RiAUC
005 20251221141752.0
008 251221s1979 su f m 000 0 ara c
040 _aSA-JeALM
_bara
_cSA-RiAUC
_erda
082 0 4 _a250
_qSA-RiAUC
090 _aر 250
_bق ا ر
100 1 _aقاري، لطيفة حسن محمد،
_d1362 هجري-
_eمؤلف.
245 1 2 _aالحكم الشرعي :
_bحقيقته وأقسامه /
_cإعداد لطيفة حسن محمد قاري ؛ إشراف أحمد فهمي أبو سنة.
264 0 _aمكة المكرمة :
_bجامعة الملك عبدالعزيز .
_c1980
300 _a157 ورقة ؛
_c30 سم
336 _aنص
_btxt
_2rdacontent
_3أطروحة
337 _aبدون وسيط
_bn
_2rdamedia
338 _aمجلد
_bnc
_2rdacarrier
500 _aاهداء من المؤلفة لطيفة حسن محمد قاري الى الشيخ رحمه الله بتاريخ 20 / 9 / 1400 هـ
500 _aأطروحة (ماجستير)-جامعة الملك عبدالعزيز ، مكة المكرمة 1400 هجري.
502 _aأطروحة (ماجستير)-جامعة الملك عبدالعزيز ، مكة المكرمة 1400 هجري.
650 7 _aالفقه الإسلامي
_2aucsh
650 7 _aأصول الفقه الإسلامي
_2aucsh
700 _aأبو سنة، أحمد فهمي
_eمشرف .
942 _2ddc
_cTHESES
_n0
949 _aSA-JeALM
_d251221
_uosman123
_n1
999 _c13623
_d13623